00886nam a2200229 a 4500001001000000003000500010005001700015008004100032010001100073011001100084040000900095100003100104245018500135260004100320500006000361502007500421650001700496650002500513650002400538650002400562856007000586000111827CHAP20220329144231.0150921s2015 mx a fsm |||||||spa d a108288 a109260 cCHAP1 aPérez Paz, Minerva Hayde10aVariabilidad genética de componentes de rendimiento forrajero en poblaciones nativas de Maíz (Zea mays L.) en Chapingo, México /h[En línea]cpor Minerva Hayde Pérez Paz. aChapingo, Méx. :bEl autor,c2015. aPara ver el contenido del material haga clic en la liga aTesis (Ing. Agr. Esp. en Zootecnia) -- UACH. Departamento de Zootecnia14aGermoplasma.14aMaíz como forraje.14aMaízxGenética.14aMaízxVariedades. aFinding aiduhttp://10.13.5.2/tesis/sist111827.pdfzTeclea aquí